Statistics for Countries Most Similar To Qatar

Click here to take the quiz!

General Stats

  • This quiz has been taken 22 times
  • The average score is 15 of 20

Answer Stats

RankCountryScore% Correct
3Bahrain86.6
100%
5Saudi Arabia79.3
100%
1UAE88.7
94%
7Egypt68.7
89%
2Kuwait87.3
89%
4Oman81.6
89%
15Yemen62.1
89%
17Iran60.4
83%
8Iraq67.9
83%
6Jordan73
83%
13Lebanon63.2
83%
9Syria65.9
83%
12Algeria64.5
78%
10Libya65.9
72%
11Tunisia64.9
72%
19Israel59
67%
14Morocco62.7
67%
16Palestine61.2
56%
18Mauritania59.1
33%
20Brunei57.4
11%

Score Distribution

Percentile by Number Answered

Percent of People with Each Score

Your Score History

You have not taken this quiz